000 00582nam a2200217Ia 4500
005 20250508164514.0
008 008 250505s9999 xx 000 0 eng d
037 _aTextual
040 _aFEDL
_beng
_cFEDL
041 _aeng
_2eng
084 _a363.7, ATT
_qFEDL
100 _aAttar Chand
245 0 _aEnvironmental pollution and protection
260 _aDelhi, India
_bH K Publishers and Distributors
_c1989
300 _a276p.
365 _aINR
_b270
546 _aMACESE
650 _aPollution
942 _cTEXL
_h363.7, ATT
999 _c1389474
_d1389474